| Поле | Инд. | ПП | Название | Значение |
|---|---|---|---|---|
| Тип записи | a | |||
| Библиографический уровень | b | |||
| 001 | Контрольный номер | UNIDUBNA5d8fe7fbd99645279f76fa29fa2f0764 | ||
| 005 | Дата корректировки | 20240903174200.0 | ||
| 008 | Кодируемые данные | 20170331 | ||
| 040 | b | Код языка каталог. | rus | |
| e | Правила каталог. | PSBO | ||
| 041 | 0_ | a | Код языка текста | rus |
| 084 | a | Индекс другой классификации/Индекс ББК | 60.993; 88.727; 88.93 | |
| 100 | 1_ | a | Автор | Голубева А. Н. |
| 245 | 10 | a | Заглавие | Приоритетные направления сотрудничества с родителями детей с речевыми нарушениями |
| 520 | 0_ | a | Аннотация | В последние годы увеличилось количество детей с речевыми нарушениями. Это связано с изменившимися социально-культурными условиями, в которых растут дети. Так одной из причин задержки речевого развития можно назвать недостаточное общение ребенка со своими родителями. Основным источником информации становится телевизор, компьютер, планшет и телефон. Постоянное взаимодействие ребенка с техникой оборачивается нежеланием овладевать речью. Постепенно исчезает потребность в речевой коммуникации. |
| 650 | 14 | a | Основная рубрика | клиническая психология (медицинская психология) |
| a | Основная рубрика | практическая психология (прикладная психология) | ||
| a | Основная рубрика | психокоррекция | ||
| a | Основная рубрика | психология | ||
| a | Основная рубрика | социальная работа | ||
| a | Основная рубрика | специальная психология | ||
| 653 | 0_ | a | Ключевые слова | дети с ограниченными возможностями |
| a | Ключевые слова | дети-инвалиды | ||
| a | Ключевые слова | детско-родительские отношения | ||
| a | Ключевые слова | когнитивные способности | ||
| a | Ключевые слова | коммуникативные навыки | ||
| a | Ключевые слова | комфортная среда | ||
| a | Ключевые слова | личностное развитие | ||
| a | Ключевые слова | логопсихология | ||
| a | Ключевые слова | межличностное общение | ||
| a | Ключевые слова | методы коррекции | ||
| a | Ключевые слова | нарушения речи | ||
| a | Ключевые слова | ограниченные возможности здоровья | ||
| a | Ключевые слова | познавательная активность | ||
| a | Ключевые слова | психическое здоровье | ||
| a | Ключевые слова | психокоррекция | ||
| a | Ключевые слова | психосоциальная реабилитация | ||
| a | Ключевые слова | психотерапевтические методы | ||
| a | Ключевые слова | психоэмоциональное благополучие | ||
| a | Ключевые слова | развитие речи | ||
| a | Ключевые слова | социализация | ||
| a | Ключевые слова | социальное взаимодействие | ||
| a | Ключевые слова | социальное обслуживание | ||
| a | Ключевые слова | социально-психологическое сопровождение | ||
| 773 | 08 | t | Заглавие источника | Работник социальной службы |
| d | Дата издания источника | 2023 | ||
| g | Прочая информация | № 2. - С. 73 - 78 | ||
| w | Контрольный № источника | UNIDUBNAded786d9511c41638c8c9ffc55fb48cb | ||
| 901 | t | Тип документа | b |